000 00782cam a2200265 a 4500
001 186147
003 OSt
005 20180921
008 0000001990 mx AD 0000000000spa00
020 _a968-409-542-2
100 _aHerrera Vargas, Fernando
245 _aHistoria de las teorías : introducción a la filosofía universal
_cFernando Herrera Vargas
260 _aMéxico :
_bEdamex
300 _a230 p.
504 _aIncluye índice
505 _aTexto complementario para los estudiantes de secundaria y preparatoria
650 _aFilosofía
_ahombre prehistórico
040 _aDLC
_cDLC
942 _2ddc
_cBK
999 _c186147
_d18614700